Lidožrouti : fascinující studie zvířat, jejichž kořistí se stal člověk /

Main Author: Bright, Michael
Other Authors: Perglerová, Eva, Rejhová, Martina
Language: Czech
Published: Praha : Ivo Železný, 2004
Edition: Vyd. 1.
Online Access: Digitalizovaný dokument
Physical Description: 269 s., [8] s. obr. příl. : barev. il. ; 21 cm
Book
Saved in:
LEADER 01671nam a2200445 a 4500
001 000708751
003 CZ BrMZK
005 20101104095009.0
007 ta
008 040317s2004 xr af e 000 cze d
015 |a cnb001251501 
020 |a 80-237-3798-8  |q (váz.) 
035 |a (OCoLC)56871922 
040 |a ULG001  |b cze  |d BOA001 
041 1 |a cze  |h eng 
072 7 |a 591  |x Obecná zoologie  |2 Konspekt  |9 2 
080 |a 591.531.2  |2 MRF 
080 |a 179.3  |2 MRF 
080 |a 591.5  |2 MRF 
080 |a 639.1.092  |2 MRF 
080 |a (0:82-96)  |2 MRF 
100 1 |a Bright, Michael  |7 xx0025924  |4 aut 
245 1 0 |a Lidožrouti :  |b fascinující studie zvířat, jejichž kořistí se stal člověk /  |c Michael Bright ; přeložily Eva Perglerová a Martina Rejhová 
250 |a Vyd. 1. 
260 |a Praha :  |b Ivo Železný,  |c 2004 
300 |a 269 s., [8] s. obr. příl. :  |b barev. il. ;  |c 21 cm 
500 |a Překlad z angličtiny 
504 |a Obsahuje bibliografii 
500 |a Dostupné též v digitální podobě v aplikaci Kramerius 
650 0 7 |a predátoři  |7 ph169368  |2 czenas 
650 0 7 |a člověk a zvíře  |7 ph128185  |2 czenas 
650 0 7 |a chování živočichů  |7 ph189267  |2 czenas 
655 7 |a literatura faktu  |7 fd132773  |2 czenas 
700 1 |a Perglerová, Eva  |7 jn20000810158  |4 trl 
700 1 |a Rejhová, Martina  |7 xx0035314  |4 trl 
765 0 |t Man eaters  |9 Česky 
856 4 1 |u https://www.digitalniknihovna.cz/mzk/uuid/uuid:06872100-1f2c-11e6-8d01-005056827e52  |y Digitalizovaný dokument  |x NDK 
910 |a BOA001  |b 2-1133.068 
990 |a BK 
996 6 |b 2610216153  |c 2-1133.068  |l MZK  |r Sklad / do 1 hodiny  |n 2  |p p.v.  |w 000708751  |u 000010  |a 1  |e BOA001  |j MZK50  |s P